| 000 | 00647nam a22002057a 4500 | ||
|---|---|---|---|
| 005 | 20150107111454.0 | ||
| 010 | _aENG-111502 | ||
| 020 |
_a9788174878717 _c850.00 |
||
| 020 |
_a8174878718 _c850.00 |
||
| 035 | _aEN-95034 | ||
| 037 | _bDBAD/PUB | ||
| 082 | _a323.3520954 | ||
| 100 | _aMadhuker S. | ||
| 245 |
_aPerspectives on rights of girl child in India / _cby Madhuker S. |
||
| 260 |
_aNew Delhi _bRadha Publications _c2014 |
||
| 270 |
_a4231/1,Ansari Road,Daryaganj _bNew Delhi _e110002 |
||
| 300 |
_axxiii,311p. : _bill. _c22cm(Hb) |
||
| 500 | _aIncludes bibliographical references | ||
| 942 |
_2ddc _cEN _mMAD _h323.3520954 |
||
| 999 |
_c90560 _d90560 |
||